| 000 | 13151cam a2202509 i 4500 | ||
|---|---|---|---|
| 999 | _c6179 | ||
| 001 | 22269559 | ||
| 003 | LIBRIS | ||
| 005 | 20200930152249.0 | ||
| 008 | 180110s2018 sw a||||||||||000 0|swe|c | ||
| 020 |
_a9789144121147 _qhäftad |
||
| 035 | _a(BOKR)9789144121147 | ||
| 035 | _a(OCoLC)1029041209 | ||
| 040 |
_aBOKR _bswe _dLnuK _dS _ei _erda |
||
| 041 | _aswe | ||
| 082 | 0 | 4 |
_a658.382 _223/swe |
| 084 |
_aVnbfb _2kssb/8 |
||
| 100 | 1 |
_aWinroth, Jan _4aut |
|
| 245 | 1 | 0 |
_aOrganisationshälsa : _ben bok om ett hållbart arbetsliv / _cJan Winroth. |
| 250 | _aUpplaga 1 | ||
| 264 | 1 |
_aLund : _bStudentlitteratur, _c[2018] |
|
| 264 | 3 | _c2018 | |
| 300 |
_a207 sidor _billustrationer _c23 cm |
||
| 336 |
_atext _btxt _2rdacontent |
||
| 337 |
_aunmediated _bn _2rdamedia |
||
| 338 |
_avolume _bnc _2rdacarrier |
||
| 541 | _5Li | ||
| 650 | 7 |
_aHälsofrämjande arbete _0https://id.kb.se/term/sao/H%C3%A4lsofr%C3%A4mjande%20arbete _2sao |
|
| 650 | 7 |
_aOrganisationer _0https://id.kb.se/term/sao/Organisationer _2sao |
|
| 650 | 7 |
_aArbetsliv _xhälsoaspekter _2sao |
|
| 650 | 0 | _aHealth promotion | |
| 653 | _aHälsofrämjande arbete | ||
| 653 | _aArbetsmiljö | ||
| 653 | _aArbetsliv | ||
| 653 | _aOrganisationer | ||
| 653 | _aWorking conditions | ||
| 653 | _aPersonnel management | ||
| 653 | _aOrganizational change | ||
| 887 |
_a{"@id":"9tm3rdkm147wskd","modified":"2019-11-21T16:38:52.894+01:00","checksum":"62742068390"} _2librisxl |
||
| 887 |
_a{"@id":"r0ntwzbzpt661v23","modified":"2018-06-29T13:54:53.367+02:00","checksum":"132499828272"} _2librisxl |
||
| 887 |
_a{"@id":"5gs4369p302bxn6h","modified":"2019-09-10T10:16:26.956+02:00","checksum":"131550501332"} _2librisxl |
||
| 887 |
_a{"@id":"087h3z25xth3j2r9","modified":"2018-10-01T13:36:38.193+02:00","checksum":"134520924634"} _2librisxl |
||
| 887 |
_a{"@id":"nzk6nd83llfkq8w5","modified":"2019-11-21T16:38:06.484+01:00","checksum":"138270432973"} _2librisxl |
||
| 887 |
_a{"@id":"dnl2dr3xbttdd42z","modified":"2018-09-18T13:03:12.287+02:00","checksum":"130227986884"} _2librisxl |
||
| 887 |
_a{"@id":"7hch48q25l33glq5","modified":"2018-08-29T13:03:07.126+02:00","checksum":"137424571608"} _2librisxl |
||
| 887 |
_a{"@id":"8dm2q4rf1ncwkzd","modified":"2018-02-19T08:46:23+01:00","checksum":"139767848043"} _2librisxl |
||
| 887 |
_a{"@id":"hr6zrs92fwm8lbx1","modified":"2019-01-21T10:50:20.992+01:00","checksum":"137974628813"} _2librisxl |
||
| 887 |
_a{"@id":"rw4ksrvx16rm17b","modified":"2018-04-13T14:41:37+02:00","checksum":"142018970053"} _2librisxl |
||
| 887 |
_a{"@id":"dpzxzbn8b222f47r","modified":"2019-08-29T12:16:39.856+02:00","checksum":"139182963809"} _2librisxl |
||
| 887 |
_a{"@id":"z7tdl706wd9jcn6c","modified":"2019-03-04T11:03:03.004+01:00","checksum":"145762168556"} _2librisxl |
||
| 887 |
_a{"@id":"5f0662zs3j189gn0","modified":"2019-03-27T09:04:04.692+01:00","checksum":"135638504956"} _2librisxl |
||
| 887 |
_a{"@id":"djr6fn6k4fn0fvn","modified":"2018-03-20T09:41:41+01:00","checksum":"138137868649"} _2librisxl |
||
| 887 |
_a{"@id":"w18p78d25ll8q2s","modified":"2020-01-22T15:53:04.192+01:00","checksum":"106467124889"} _2librisxl |
||
| 887 |
_a{"@id":"rw4ktbgx11rrs1q","modified":"2020-02-26T14:09:35.718+01:00","checksum":"107791518782"} _2librisxl |
||
| 887 |
_a{"@id":"w68djthntr6k2z8l","modified":"2020-02-20T09:37:06.968+01:00","checksum":"139256886059"} _2librisxl |
||
| 887 |
_a{"@id":"s2pbbv6mq84w827r","modified":"2019-03-13T17:05:01.44+01:00","checksum":"135360284123"} _2librisxl |
||
| 887 |
_a{"@id":"z7g58pjlw03lnbh3","modified":"2018-12-07T11:53:32.573+01:00","checksum":"129930182260"} _2librisxl |
||
| 887 |
_a{"@id":"fks7t17l0x900qk","modified":"2018-02-13T12:15:25+01:00","checksum":"107384989095"} _2librisxl |
||
| 887 |
_a{"@id":"x29qnpk35lt14h7","modified":"2018-03-07T09:12:14+01:00","checksum":"116179867482"} _2librisxl |
||
| 887 |
_a{"@id":"pt2h562v0mz9440","modified":"2018-02-15T13:39:39+01:00","checksum":"106081841171"} _2librisxl |
||
| 887 |
_a{"@id":"p0b1w2j9m2zzdqs6","modified":"2019-09-13T14:24:15.925+02:00","checksum":"147725159827"} _2librisxl |
||
| 887 |
_a{"@id":"48hxm9m924fnw37","modified":"2018-02-20T14:19:24+01:00","checksum":"103693041677"} _2librisxl |
||
| 887 |
_a{"@id":"v07mqgw14qjkrwz","modified":"2018-01-23T12:18:59+01:00","checksum":"114598587291"} _2librisxl |
||
| 887 |
_a{"@id":"3cdlhjxc1szqvkjt","modified":"2018-10-12T13:31:09.605+02:00","checksum":"137273527482"} _2librisxl |
||
| 887 |
_a{"@id":"glt8mv6m2r87wp3","modified":"2018-01-29T11:14:32+01:00","checksum":"134832306643"} _2librisxl |
||
| 887 |
_a{"@id":"fp5v3n0ccmv7t9nx","modified":"2019-01-29T17:16:20.13+01:00","checksum":"135980284568"} _2librisxl |
||
| 887 |
_a{"@id":"04cr1vl50bq9v3t","modified":"2018-01-25T14:18:46+01:00","checksum":"113981036399"} _2librisxl |
||
| 887 |
_a{"@id":"tz6n0sz05548xv3","modified":"2018-04-04T16:28:05+02:00","checksum":"130903176986"} _2librisxl |
||
| 887 |
_a{"@id":"fks7d5rl104x7rq","modified":"2018-03-15T11:47:54+01:00","checksum":"133829329648"} _2librisxl |
||
| 887 |
_a{"@id":"bgp4xmqh1x8wtsc","modified":"2018-03-09T14:40:09+01:00","checksum":"127379251182"} _2librisxl |
||
| 887 |
_a{"@id":"glt8vxkm5tctm4r","modified":"2018-02-12T16:19:33+01:00","checksum":"104892960453"} _2librisxl |
||
| 887 |
_a{"@id":"t3r6v6pvrhvhtrg0","modified":"2018-07-10T12:31:46.321+02:00","checksum":"134046804550"} _2librisxl |
||
| 887 |
_a{"@id":"gr7tttgjdn7wrbrf","modified":"2019-10-17T16:16:22.937+02:00","checksum":"143287239393"} _2librisxl |
||
| 887 |
_a{"@id":"kpxclqqq4w7zr14","modified":"2020-05-02T15:30:59.351+02:00","checksum":"118064972412"} _2librisxl |
||
| 887 |
_a{"@id":"r23jf80vp1pb3tdn","modified":"2019-07-03T10:49:47.281+02:00","checksum":"138113854260"} _2librisxl |
||
| 887 |
_a{"@id":"15dtxj8634545z6","modified":"2018-03-14T11:41:24+01:00","checksum":"112306092589"} _2librisxl |
||
| 887 |
_a{"@id":"pt2gl1hv16fsv0f","modified":"2018-01-24T15:53:30+01:00","checksum":"154621137378"} _2librisxl |
||
| 887 |
_a{"@id":"pt2j1cwv0d2px0q","modified":"2018-04-23T12:35:05+02:00","checksum":"143129483732"} _2librisxl |
||
| 887 |
_a{"@id":"5hxh23mz3n2q6qvh","modified":"2020-06-26T16:01:45.191+02:00","checksum":"120137056430"} _2librisxl |
||
| 887 |
_a{"@id":"x914z934vs4cqw47","modified":"2020-09-17T16:16:27.571+02:00","checksum":"137898208145"} _2librisxl |
||
| 887 |
_a{"@id":"kpxc7vtq20tlh63","modified":"2018-03-05T15:23:35+01:00","checksum":"115773790414"} _2librisxl |
||
| 887 |
_a{"@id":"x29q85n31dhfsng","modified":"2018-02-06T12:37:47+01:00","checksum":"133337147279"} _2librisxl |
||
| 887 |
_a{"@id":"lvqr7skvjtjfmntz","modified":"2018-08-28T15:02:07.226+02:00","checksum":"130292751242"} _2librisxl |
||
| 887 |
_a{"@id":"v45cbtdxssc6slv8","modified":"2018-10-12T13:51:43.349+02:00","checksum":"142912419669"} _2librisxl |
||
| 887 |
_a{"@id":"v6sz4nj0sqxqk84l","modified":"2019-11-26T13:12:02.032+01:00","checksum":"137476315868"} _2librisxl |
||
| 887 |
_a{"@id":"lqzdvbbr1bgtgrb","modified":"2018-01-31T12:11:54+01:00","checksum":"106293132394"} _2librisxl |
||
| 887 |
_a{"@id":"q1jd6fnrnwjh7bsf","modified":"2019-10-28T15:16:21.117+01:00","checksum":"143624574584"} _2librisxl |
||
| 887 |
_a{"@id":"3c9qc8dz18x8mltv","modified":"2018-09-18T08:03:19.75+02:00","checksum":"131614528910"} _2librisxl |
||
| 887 |
_a{"@id":"6k5pvfq94z6zwg7p","modified":"2020-08-17T15:16:19.362+02:00","checksum":"135808069427"} _2librisxl |
||
| 887 |
_a{"@id":"qv3jd75w3tm5hk3","modified":"2018-03-14T11:30:34+01:00","checksum":"138263198615"} _2librisxl |
||
| 887 |
_a{"@id":"qv3j2xfw3m40prj","modified":"2018-02-06T10:12:45+01:00","checksum":"102340685320"} _2librisxl |
||
| 887 |
_a{"@id":"kwm13gr4hl47q03w","modified":"2020-01-02T11:16:10.8+01:00","checksum":"139727548952"} _2librisxl |
||
| 887 |
_a{"@id":"w59w2t52tzhwl4l6","modified":"2018-11-02T13:04:39.246+01:00","checksum":"134890874415"} _2librisxl |
||
| 942 |
_2z _cBOOK |
||
| 948 | 8 |
_5Mde _hKURS REF _zWinroth |
|